00961nam a22002537a 4500999001900000005001700019010001300036020002300049035001300072037001600085082000700101100002400108245010000132246006600232260004900298270006200347300002100409650002300430650004000453650002400493650002400517942002600541952014000567 c106354d10635420200211121412.0 aB-209023 c150.00a8182231647 aB-209023 bCen Lib/Ret aک aمسرور جهاں aکل کى سىتا، آج کى سىتا :cمسرور جهاںbافسانوى مجموعه / aKal ki seeta aj ki seeta : short stories /bby Masroor Jahan  aDelhibEducational Publishing Housec2006 ء a3108, Vakil Street, Kucha Pandit, Lal KuanbDelhie110006 a212p. c22cm(Hb) a ادب - اردو a اردو مختصر کہانیاں aLiterature -- Urdu  aUrdu short stories  2ddccURhکmم س ر 00104070aLbLd2015-12-19eCen Lib/Retg150.00l5oک م س رpB-209023r2019-11-25 00:00:00s2019-11-16t1v150.00w2015-12-19yUR